00685nam a2200169 a 450000100100000000500170001000800410002702000150006804000250008308200150010811100920012324501030021526000660031830000260038450400730041054600320048300004227820201002040041.0131122s1992 sp r 000 0 spa d a8472326330 aDO-SdBNPbspacBNPHU axxxxbxxxx2 aColoquio hispano-marroquí de ciencias históricasn(2º.d1989 : 6-10 nov.cGranada)10aActas del II coloquio hispano-marroquí de ciencias históricas, historia, ciencia y sociedad /. aMadrid :bInstituto de Cooperacion con el Mundo Arabe,c1992. a381, 181 p. ;c24 cm. aIncluye referencias bilbiográficas y notas al pie de las páginas aespañol, arabe, Francés